|
|
|
|
| LEADER |
00000nab a2200000 a 4500 |
| 001 |
vtls000000406 |
| 003 |
SK-MaSNL |
| 005 |
20260304072010.0 |
| 008 |
250423c1978 xo 0 slo |
| 015 |
|
|
|a SNBRB19rr/mm-uuuuu
|
| 035 |
|
|
|a CL0010498
|
| 035 |
|
|
|a urn:nbn:sk:snk-ab2riy
|
| 035 |
|
|
|a (urnnbn)urn:nbn:sk:snk:ar-a02udy
|
| 035 |
|
|
|a (uuid)aad5e310-e1cc-465a-9f6c-f92c45cd2ad8
|
| 040 |
|
|
|a SNKBUCL
|b slo
|c SNKBUCL
|e AACR2
|
| 041 |
0 |
|
|a cze
|
| 044 |
|
|
|a xo
|c SK
|
| 080 |
|
|
|a 621.31
|2 1981
|
| 100 |
1 |
|
|a Hlavatý, Petr
|4 aut
|9 1359449
|
| 245 |
1 |
0 |
|a Strojně - hydraulické zařízení technologické části vodního díla Dalešice
|c Petr Hlavatý
|
| 300 |
|
|
|b Obr. 7. Tb. 3.
|
| 650 |
0 |
7 |
|a priehrady
|2 snkbucl
|9 21151
|
| 650 |
0 |
7 |
|a Dalešice (Třebíč, Česko)
|2 snkbucl
|9 1344878
|
| 650 |
0 |
7 |
|a vodné elektrárne
|2 snkbucl
|9 28806
|
| 650 |
0 |
7 |
|a turbíny
|2 snkbucl
|9 89868
|
| 655 |
|
7 |
|a články z novín a časopisov
|2 snkbucl
|9 267496
|
| 773 |
0 |
|
|t Inženýrské stavby
|g Roč. 26, č. 5 (1978), s. 244-252
|
| 850 |
|
|
|a Slovenská národná knižnica
|
| 852 |
|
|
|a Slovenská národná knižnica
|
| 954 |
|
|
|a odborná, vedecká literatúra cudzojazyčná (svetová)
|2 lita
|
| 958 |
|
|
|a article2022
|
| 958 |
|
|
|a RK
|
| 958 |
|
|
|a OND
|
| 958 |
|
|
|a EUIPO
|
| 992 |
|
|
|a RBX
|
| 999 |
|
|
|c 2763821
|d 2765751
|